000 00462nam a22001697a 4500
005 20230119101253.0
008 221220b |||||||| |||| 00| 0 eng d
020 _a978-81265-6761-4
041 _aeng
082 _a612 TOR -T
100 _aTORTORA , GERARD J. AND DERRICKSON , BRYAN
_97219
245 _aTORTARA 'S PRINCIPLES OF ANATOMY & PHYSIOLOGY
260 _bWILLY
300 _a989;P
650 _aPHARMACY
_xB.PARMA & D.PHARMA
_97477
942 _cBK
999 _c8152
_d8150